000 00519nam a2200193Ia 4500
003 GCL
008 140319s9999 xx 000 0 ara d
040 _aGCL /
_cGCL
082 0 4 _aق
_b923.1
_bأ أ
100 1 _aابراهيم الابيارى
245 1 0 _aابوالمسك كافور /
_cابراهيم الابيارى
300 _a162 ص
490 _a
650 0 4 _aمصر
650 0 4 _aتاريخ
650 0 4 _aالدولة الاخشيدية
650 0 4 _aكافور الاخشيدى
942 _2ddc
_cBK
999 _c45280
_d45280